|
|
|
|
| LEADER |
00000nam a2200000 a 4500 |
| 001 |
vtls001434677 |
| 003 |
SK-MaSNL |
| 005 |
20260301121030.0 |
| 008 |
180810s1800 xx 0 cze |
| 035 |
|
|
|a SNK000389757
|
| 040 |
|
|
|a SNKHF
|b slo
|c SNK
|e AACR2
|
| 041 |
0 |
|
|a cze
|
| 072 |
|
7 |
|a 82-1/-8
|x Literatúra rôznych foriem a žánrov (o nej)
|2 konspekt
|
| 080 |
|
|
|a 82-3
|2 2011
|
| 130 |
0 |
|
|a O Sstylfrydowi
|9 464558
|
| 245 |
1 |
0 |
|a O Sstylfrydowi ...
|
| 260 |
|
|
|a [B.m.]
|b [b.t.]
|c [1800]
|
| 300 |
|
|
|a 32 s.
|b 16 cm
|
| 500 |
|
|
|a Chýba koniec textu, 32 zachovaných strán
|
| 546 |
|
|
|a Čeština
|b Fraktúra
|
| 650 |
0 |
7 |
|a próza
|2 SNKPH
|9 1490
|
| 852 |
|
|
|a snk
|p SE 5425
|
| 958 |
|
|
|a ONDV
|
| 958 |
|
|
|a DF
|
| 999 |
|
|
|c 727921
|d 729851
|
| 952 |
|
|
|a SNK
|b SNK
|y PREZ
|7 0
|p 17A0763634
|o snkSE 5425
|i snkF 68/72
|8 5
|0 0
|1 0
|4 0
|d 2002-05-23
|f 1
|l 0
|r 2005-01-02 00:00:00
|w 2026-02-23
|